<?xml version="1.0" encoding="UTF-8"?>
<record
    xmlns:xsi="http://www.w3.org/2001/XMLSchema-instance"
    xsi:schemaLocation="http://www.loc.gov/MARC21/slim http://www.loc.gov/standards/marcxml/schema/MARC21slim.xsd"
    xmlns="http://www.loc.gov/MARC21/slim">

  <leader>00646nam a2200169Ia 4500</leader>
  <controlfield tag="003">LK-CoDNM</controlfield>
  <controlfield tag="008">010623t2010    xxu||||| |||| 00| 1 sin d</controlfield>
  <datafield tag="040" ind1=" " ind2=" ">
    <subfield code="a">LK-CoDNM</subfield>
    <subfield code="d">LK-CoDNM</subfield>
    <subfield code="e">LK-CoDNM</subfield>
  </datafield>
  <datafield tag="041" ind1=" " ind2=" ">
    <subfield code="a">sin</subfield>
  </datafield>
  <datafield tag="080" ind1=" " ind2=" ">
    <subfield code="a">32</subfield>
    <subfield code="b">UYA</subfield>
  </datafield>
  <datafield tag="100" ind1=" " ind2=" ">
    <subfield code="a">Uyangoda,Jayadeva</subfield>
  </datafield>
  <datafield tag="245" ind1=" " ind2=" ">
    <subfield code="a">&#xDC3;&#xDB8;&#xDCF;&#xDA2;&#xDBA;&#xDD9; &#xD85;&#xDB4;&#xDD2; &#xD94;&#xD9A;&#xDCA;&#xD9A;&#xDDC;&#xDB8; &#xDC3;&#xDB8;&#xDCF;&#xDB1;&#xDBA;&#xDD2; ? &#xDB4;&#xDD4;&#xDBB;&#xDC0;&#xDD0;&#xDC3;&#xDD2;&#xDB7;&#xDCF;&#xDC0;&#xDBA;&#xDDA; &#xDAF;&#xDDA;&#xDC1;&#xDB4;&#xDCF;&#xDBD;&#xDB1; &#xDB1;&#xDCA;&#x200D;&#xDBA;&#xDCF;&#xDBA; &#xDC3;&#xDC4; &#xDB7;&#xDCF;&#xDC0;&#xDD2;&#xDAD;&#xDBA;</subfield>
  </datafield>
  <datafield tag="246" ind1=" " ind2=" ">
    <subfield code="a">Samajaye Api Okkoma Samanai?Purawasibhawaye Deshapalana Niyaya saha Bhavithaya</subfield>
  </datafield>
  <datafield tag="260" ind1=" " ind2=" ">
    <subfield code="b">Social Scientist's Association</subfield>
    <subfield code="a">Colombo</subfield>
    <subfield code="c">2010</subfield>
  </datafield>
  <datafield tag="300" ind1=" " ind2=" ">
    <subfield code="b">152, 19 cm</subfield>
  </datafield>
  <datafield tag="942" ind1=" " ind2=" ">
    <subfield code="c">BK</subfield>
  </datafield>
  <datafield tag="952" ind1=" " ind2=" ">
    <subfield code="0">0</subfield>
    <subfield code="1">0</subfield>
    <subfield code="4">0</subfield>
    <subfield code="7">0</subfield>
    <subfield code="8">MONO</subfield>
    <subfield code="a">MAIN</subfield>
    <subfield code="b">MAIN</subfield>
    <subfield code="d">2023-08-02</subfield>
    <subfield code="l">0</subfield>
    <subfield code="o">32 UYA</subfield>
    <subfield code="p">153579</subfield>
    <subfield code="r">2023-08-02</subfield>
    <subfield code="w">2023-08-02</subfield>
    <subfield code="y">BK</subfield>
  </datafield>
  <datafield tag="999" ind1=" " ind2=" ">
    <subfield code="c">130443</subfield>
    <subfield code="d">130443</subfield>
  </datafield>
</record>
